Will & Grace.

Na minha lista:
Detalhes bibliográficos
Formato: Slides
Idioma:Língua italiana
Publicado em: [Italia] : Universal Studios, c2007
Tags: Adicionar Tag
Sem tags, seja o primeiro a adicionar uma tag!

MARC

LEADER 00000ngm a22000007ic4500
001 IT\ICCU\UBO\3951360
003 ItRI
005 20260309121716.0
008 120712s2007 it |||||| ||||| |||||c
040 |b ita  |c importazione bologna sebina 
041 7 |a ita  |2 ISO-639-2 
245 0 0 |a Will & Grace. 
260 |a [Italia] :  |b Universal Studios,  |c c2007 
300 |a 1 DVD :  |b (PAL), son. (Dolby digital 2.0) ;  |c 12 cm 
500 |a Codice area 2 
500 |a Descrizione basata sul contenitore. 
773 0 |w IT\ICCU\UBO\3951354  |t Will & Grace 
942 |2 ddc  |c VM  |n 0 
952 |0 0  |1 0  |2 ddc  |4 0  |6 VO_1987_000000000000000  |7 0  |9 26159  |a BO  |b BO  |d 2026-01-15  |i 16462  |l 0  |o VO 1987  |p BO16462  |r 2026-01-15 23:24:00  |w 2026-01-15  |x [Sebina 5] [dvd 1-4]  |y VM  |z dvd 2 
999 |c 22143  |d 22143